Stolice Województw Polskich - Statystyki

Ogólne statystyki
  • Ten quiz został rozwiązany 121 razy
  • Średni wynik to 15 z 16
Statystyki odpowiedzi
województwo stolica % Poprawnych
łódzkie Łódź
100%
mazowieckie Warszawa
100%
małopolskie Kraków
97%
wielkopolskie Poznań
97%
dolnośląskie Wrocław
97%
kujawsko-pomorskie Bydgoszcz | Toruń
96%
pomorskie Gdańsk
96%
lubelskie Lublin
96%
opolskie Opole
96%
zachodniopomorskie Szczecin
94%
podlaskie Białystok
93%
śląskie Katowice
92%
lubuskie Gorzów Wielkopolski | Zielona Góra
90%
świętokrzyskie Kielce
90%
warmińsko-mazurskie Olsztyn
89%
podkarpackie Rzeszów
88%
Nie znaleziono quizów pasujących do podanych kryteriów
Rozkład punktacji
Procent ludzi z każdym wynikiem
Percentyl według liczby udzielonych odpowiedzi
Twoja historia wyników
Nie rozwiązałeś tego quizu